Zisk a ztráta jako předmět úpravy obchodního zákoníku, zákona o daních z příjmů a účetních předpisů. 1
Terminológia obchodného zákonníka ČR zaoberajúca sa hospodárskym výsledkom podnikateľa nejednotná a nevykladá obsah pojmov. Pojmy zisk a strata nedefinované ani v zákone o účtovníctve č.563/1991 Sb. Daňový zisk a daňová strata v zákone o daniach z príjmov č.586/1992 v znení ďalších predpisov. Odchyl...
Salvato in:
| Autore principale: | |
|---|---|
| Natura: | Capitolo di libro |
| Lingua: | ceco |
| Soggetti: | |
| Tags: |
Nessun Tag, puoi essere il primo ad aggiungerne!!
|
MARC
| LEADER | 00000naa a2200000 4500 | ||
|---|---|---|---|
| 001 | r015734 | ||
| 005 | 20221213083419.0 | ||
| 041 | 0 | |a cze | |
| 044 | |a CZ | ||
| 245 | 1 | 0 | |a Zisk a ztráta jako předmět úpravy obchodního zákoníku, zákona o daních z příjmů a účetních předpisů. 1 |c J. Dědič |
| 520 | |a Terminológia obchodného zákonníka ČR zaoberajúca sa hospodárskym výsledkom podnikateľa nejednotná a nevykladá obsah pojmov. Pojmy zisk a strata nedefinované ani v zákone o účtovníctve č.563/1991 Sb. Daňový zisk a daňová strata v zákone o daniach z príjmov č.586/1992 v znení ďalších predpisov. Odchylky v používanej terminológii troch uvedených predpisov a potreba ich ujednotenia, resp. upresnenia obsahu. | ||
| 610 | 2 | 0 | |a zisk |
| 610 | 2 | 0 | |a strata |
| 610 | 2 | 0 | |a strata daňová |
| 610 | 2 | 0 | |a zákonník obchodný |
| 610 | 2 | 0 | |a dane z príjmov |
| 610 | 2 | 0 | |a účtovníctvo |
| 610 | 2 | 0 | |a predpisy právne |
| 610 | 2 | 0 | |a zákony |
| 610 | 2 | 0 | |a Česko |
| 610 | 2 | 0 | |a terminológia |
| 610 | 2 | 0 | |a výsledok hospodársky |
| 100 | 1 | |a Dědič, J. | |